<?xml version="1.0" encoding="UTF-8"?><?xml-stylesheet type="text/xsl" href="static/style.xsl"?><OAI-PMH xmlns="http://www.openarchives.org/OAI/2.0/" xmlns:xsi="http://www.w3.org/2001/XMLSchema-instance" xsi:schemaLocation="http://www.openarchives.org/OAI/2.0/ http://www.openarchives.org/OAI/2.0/OAI-PMH.xsd"><responseDate>2026-04-28T19:29:35Z</responseDate><request verb="GetRecord" identifier="oai:uvadoc.uva.es:10324/65597" metadataPrefix="marc">https://uvadoc.uva.es/oai/request</request><GetRecord><record><header><identifier>oai:uvadoc.uva.es:10324/65597</identifier><datestamp>2025-02-20T11:57:03Z</datestamp><setSpec>com_10324_1191</setSpec><setSpec>com_10324_931</setSpec><setSpec>com_10324_894</setSpec><setSpec>col_10324_1379</setSpec></header><metadata><record xmlns="http://www.loc.gov/MARC21/slim" xmlns:doc="http://www.lyncode.com/xoai" xmlns:xsi="http://www.w3.org/2001/XMLSchema-instance" xmlns:dcterms="http://purl.org/dc/terms/" xsi:schemaLocation="http://www.loc.gov/MARC21/slim http://www.loc.gov/standards/marcxml/schema/MARC21slim.xsd">
<leader>00925njm 22002777a 4500</leader>
<datafield tag="042" ind1=" " ind2=" ">
<subfield code="a">dc</subfield>
</datafield>
<datafield tag="720" ind1=" " ind2=" ">
<subfield code="a">Marcos Martín, José Víctor</subfield>
<subfield code="e">author</subfield>
</datafield>
<datafield tag="720" ind1=" " ind2=" ">
<subfield code="a">Hornero Sánchez, Roberto</subfield>
<subfield code="e">author</subfield>
</datafield>
<datafield tag="720" ind1=" " ind2=" ">
<subfield code="a">Álvarez González, Daniel</subfield>
<subfield code="e">author</subfield>
</datafield>
<datafield tag="720" ind1=" " ind2=" ">
<subfield code="a">Aboy, M.</subfield>
<subfield code="e">author</subfield>
</datafield>
<datafield tag="720" ind1=" " ind2=" ">
<subfield code="a">Campo Matias, Félix del</subfield>
<subfield code="e">author</subfield>
</datafield>
<datafield tag="260" ind1=" " ind2=" ">
<subfield code="c">2012</subfield>
</datafield>
<datafield tag="520" ind1=" " ind2=" ">
<subfield code="a">Nocturnal polysomnography (PSG) is the goldstandard for sleep apnea-hypopnea syndrome (SAHS) diagnosis. It provides the value of the apnea-hypopnea index (AHI), which is used to evaluate SAHS severity. However, PSG is costly, complex, and time-consuming. We present a novel approach for automatic estimation of the AHI from nocturnal oxygen saturation (SaO2 ) recordings and the results of an assessment study designed to characterize its performance. A set of 240 SaO2 signals was available for the assessment study. The data were divided into training (96 signals) and test (144 signals) sets for model optimization and validation, respectively. Fourteen time-domain and frequency-domain features were used to quantify the effect of SAHS on SaO2 recordings. Regression analysis was performed to estimate the functional relationship between the extracted features and the AHI. Multiple linear regression (MLR) and multilayer perceptron (MLP) neural networks were evaluated. The MLP algorithm achieved the highest performance with an intraclass correlation coefficient (ICC) of 0.91. The proposed MLP-based method could be used as an accurate and cost-effective procedure for SAHS diagnosis in the absence of PSG.</subfield>
</datafield>
<datafield tag="024" ind2=" " ind1="8">
<subfield code="a">IEEE Transactions on Biomedical Engineering, 2012, vol. 59, n. 1, p. 141-149.</subfield>
</datafield>
<datafield tag="024" ind2=" " ind1="8">
<subfield code="a">0018-9294</subfield>
</datafield>
<datafield tag="024" ind2=" " ind1="8">
<subfield code="a">https://uvadoc.uva.es/handle/10324/65597</subfield>
</datafield>
<datafield tag="024" ind2=" " ind1="8">
<subfield code="a">10.1109/TBME.2011.2167971</subfield>
</datafield>
<datafield tag="024" ind2=" " ind1="8">
<subfield code="a">141</subfield>
</datafield>
<datafield tag="024" ind2=" " ind1="8">
<subfield code="a">1</subfield>
</datafield>
<datafield tag="024" ind2=" " ind1="8">
<subfield code="a">149</subfield>
</datafield>
<datafield tag="024" ind2=" " ind1="8">
<subfield code="a">IEEE Transactions on Biomedical Engineering</subfield>
</datafield>
<datafield tag="024" ind2=" " ind1="8">
<subfield code="a">59</subfield>
</datafield>
<datafield tag="024" ind2=" " ind1="8">
<subfield code="a">1558-2531</subfield>
</datafield>
<datafield tag="245" ind1="0" ind2="0">
<subfield code="a">Automated Prediction of the Apnea-Hypopnea Index from Nocturnal Oximetry Recordings</subfield>
</datafield>
</record></metadata></record></GetRecord></OAI-PMH>